[Event "GER Cup Net V4 U2000"]
[Site "Playchess.com INT"]
[Date "2020.05.31"]
[Round "2"]
[White "Schewe, Bernhard"]
[Black "Sossna, Gerald"]
[Result "1/2-1/2"]
[WhiteElo "1777"]
[BlackElo "1584"]
[PlyCount "118"]
[EventDate "2020.05.31"]
[EventType "swiss (blitz)"]
[EventRounds "9"]
[EventCountry "GER"]
[SourceTitle "EXT 2021"]
[Source "ChessBase"]
[SourceDate "2020.10.23"]
[SourceVersion "1"]
[SourceVersionDate "2020.10.23"]
[SourceQuality "1"]

1. b4 c6 2. Bb2 Nf6 3. a4 e6 4. b5 d5 5. e3 Be7 6. Nf3 0-0 7. Be2 Nbd7 8. 0-0 h6 9. c4 dxc4 10. Bxc4 Nb6 11. Be2 c5 12. Nc3 Qc7 13. h3 Bd7 14. d4 cxd4 15. Nxd4 Rad8 16. Qc1 Nbd5 17. Nxd5 Nxd5 18. Qxc7 Nxc7 19. Rfc1 Rc8 20. Bf3 Nd5 21. Bxd5 exd5 22. Rxc8 Rxc8 23. Rc1 Bf6 24. Rxc8+ Bxc8 25. Bc3 Kf8 26. Ne2 Bxc3 27. Nxc3 Be6 28. Kf1 Ke7 29. Ke2 Kd6 30. Kd3 Kc5 31. f3 Bf5+ 32. e4 dxe4+ 33. fxe4 Be6 34. h4 b6 35. g3 Bb3 36. g4 Be6 37. g5 hxg5 38. hxg5 f6 39. gxf6 gxf6 40. Ne2 Bb3 41. Nf4 Bxa4 42. Kc3 Bxb5 43. Ne6+ Kd6 44. Nd4 Bc6 45. Kd3 Bxe4+ 46. Kxe4 a5 47. Nf5+ Kc5 48. Ng3 a4 49. Kd3 b5 50. Kc3 b4+ 51. Kc2 Kc4 52. Ne4 b3+ 53. Kb2 Kb4 54. Nxf6 a3+ 55. Kb1 Kc3 56. Ne4+ Kd3 57. Nc5+ Kc4 58. Nxb3 Kxb3 59. Ka1 a2 1/2-1/2

[Event "GER Cup Net V4 U2000"]
[Site "Playchess.com INT"]
[Date "2020.05.31"]
[Round "7"]
[White "Sossna, Gerald"]
[Black "Wall, Viktor"]
[Result "1-0"]
[WhiteElo "1584"]
[BlackElo "1535"]
[PlyCount "67"]
[EventDate "2020.05.31"]
[EventType "swiss (blitz)"]
[EventRounds "9"]
[EventCountry "GER"]
[SourceTitle "EXT 2021"]
[Source "ChessBase"]
[SourceDate "2020.10.23"]
[SourceVersion "1"]
[SourceVersionDate "2020.10.23"]
[SourceQuality "1"]

1. e4 c5 2. Nf3 Nc6 3. d4 cxd4 4. Nxd4 d6 5. Nc3 g6 6. Be3 Bg7 7. a3 Nf6 8. f3 0-0 9. Bc4 a6 10. 0-0 Ne5 11. Ba2 b5 12. Qd2 Bb7 13. Bh6 Rc8 14. Bxg7 Kxg7 15. Rac1 Nc4 16. Bxc4 Rxc4 17. Nce2 Qb6 18. Kh1 Rfc8 19. c3 Rd8 20. Qe3 Qc7 21. Ng3 e5 22. Nde2 d5 23. exd5 Nxd5 24. Qg5 h6 25. Nf5+ Kg8 26. Nxh6+ Kf8 27. Ng4 e4 28. fxe4 Rxe4 29. Ng3 Rxg4 30. Qxg4 Ne3 31. Qb4+ Kg8 32. Rg1 Kg7 33. Qh4 Rh8 34. Qd4+ 1-0

[Event "GER Cup Net V3 U2000"]
[Site "Playchess.com INT"]
[Date "2020.05.27"]
[Round "4"]
[White "Serreck, Uwe"]
[Black "Sossna, Gerald"]
[Result "1-0"]
[WhiteElo "1703"]
[BlackElo "1587"]
[PlyCount "49"]
[EventDate "2020.05.27"]
[EventType "swiss (blitz)"]
[EventRounds "9"]
[EventCountry "GER"]
[SourceTitle "EXT 2021"]
[Source "ChessBase"]
[SourceDate "2020.10.23"]
[SourceVersion "1"]
[SourceVersionDate "2020.10.23"]
[SourceQuality "1"]

1. e4 e5 2. Nf3 Nc6 3. d4 Nxd4 4. Nxd4 exd4 5. Qxd4 d6 6. Nc3 Nf6 7. Be2 Be7 8. Bg5 h6 9. Bh4 0-0 10. 0-0-0 Nd7 11. Bxe7 Qxe7 12. g4 Nc5 13. h4 a5 14. Rdg1 Qe5 15. Qe3 Kh7 16. g5 Bd7 17. f4 Qe8 18. f5 c6 19. gxh6 gxh6 20. Rg5 Rg8 21. Rh5 Qf8 22. Nd1 Re8 23. Nf2 Qg7 24. Ng4 Nxe4 25. Rxh6+ 1-0

[Event "GER Cup Net V3 U2000"]
[Site "Playchess.com INT"]
[Date "2020.05.27"]
[Round "5"]
[White "Sossna, Gerald"]
[Black "Cordes, Jule Johanne"]
[Result "1-0"]
[WhiteElo "1587"]
[BlackElo "1689"]
[PlyCount "119"]
[EventDate "2020.05.27"]
[EventType "swiss (blitz)"]
[EventRounds "9"]
[EventCountry "GER"]
[SourceTitle "EXT 2021"]
[Source "ChessBase"]
[SourceDate "2020.10.23"]
[SourceVersion "1"]
[SourceVersionDate "2020.10.23"]
[SourceQuality "1"]

1. e4 c5 2. Nf3 g6 3. d4 cxd4 4. Nxd4 Bg7 5. Be3 Nc6 6. Nc3 Nf6 7. f3 0-0 8. a3 Qb6 9. Nf5 Qa5 10. Nxg7 Kxg7 11. Bc4 Ne5 12. Bb3 Re8 13. 0-0 b6 14. Bd5 Nxd5 15. Nxd5 Bb7 16. Nc7 d6 17. Nxa8 Bxa8 18. c3 Nc4 19. Qc1 Qb5 20. Rb1 d5 21. Bd4+ Kg8 22. Rd1 dxe4 23. fxe4 Bxe4 24. Ra1 Qc6 25. Qg5 e5 26. Bf2 Nxb2 27. Rd8 Rxd8 28. Qxd8+ Kg7 29. Rc1 Bxg2 30. Qg5 Bf3 31. Qxe5+ Kg8 32. Bd4 Kf8 33. Qg7+ Ke7 34. Re1+ Be4 35. Qe5+ Kd7 36. Rxe4 Nd3 37. Qe8+ Kd6 38. Qxc6+ Kxc6 39. Re7 f5 40. Rxa7 f4 41. Rxh7 g5 42. Rh6+ Kd5 43. Rxb6 Ke4 44. Re6+ Kf3 45. Rg6 g4 46. a4 Nc1 47. a5 Ne2+ 48. Kf1 Nxd4 49. cxd4 Ke3 50. Rxg4 f3 51. a6 f2 52. a7 Kf3 53. Rg8 Ke3 54. a8Q Kxd4 55. Rd8+ Ke5 56. Qb7 Kf4 57. Qe7 Kg4 58. Rf8 Kh3 59. Qg7 Kxh2 60. Rh8# 1-0

[Event "GER Cup Net V2 U2000"]
[Site "Playchess.com INT"]
[Date "2020.05.22"]
[Round "3"]
[White "Schaefer, Konstantin"]
[Black "Sossna, Gerald"]
[Result "1/2-1/2"]
[WhiteElo "1709"]
[BlackElo "1627"]
[PlyCount "85"]
[EventDate "2020.05.22"]
[EventType "swiss (blitz)"]
[EventRounds "9"]
[EventCountry "GER"]
[SourceTitle "EXT 2021"]
[Source "ChessBase"]
[SourceDate "2020.10.23"]
[SourceVersion "1"]
[SourceVersionDate "2020.10.23"]
[SourceQuality "1"]

1. e4 e5 2. Nf3 Nc6 3. Bc4 Be7 4. d4 d6 5. dxe5 Nxe5 6. Nxe5 dxe5 7. 0-0 Nf6 8. Nc3 0-0 9. Bg5 h6 10. Bh4 Bg4 11. f3 Bd7 12. Bg3 Bd6 13. Nb5 Bxb5 14. Bxb5 c6 15. Bc4 Nh5 16. Bf2 Qe7 17. c3 a6 18. Qc2 Bc5 19. Rad1 Rad8 20. Kh1 Bxf2 21. Rxf2 Nf4 22. Rfd2 Rxd2 23. Rxd2 Rd8 24. Qd1 Rxd2 25. Qxd2 b5 26. Bb3 Ne6 27. Kg1 Nc5 28. Kf2 Nxb3 29. axb3 Qc5+ 30. Qe3 Qxe3+ 31. Kxe3 Kf8 32. f4 f6 33. f5 Ke7 34. Kd3 Kd6 35. c4 b4 36. Ke3 Kc5 37. Kd3 a5 38. g3 h5 39. h3 Kd6 40. Ke3 Kc5 41. Kd3 Kd6 42. Ke3 Kc5 43. Kd3 1/2-1/2

[Event "GER Cup Net V1 U2000"]
[Site "Playchess.com INT"]
[Date "2020.05.19"]
[Round "3"]
[White "Sossna, Gerald"]
[Black "Feldmann, Bernd"]
[Result "0-1"]
[WhiteElo "1608"]
[BlackElo "1789"]
[PlyCount "54"]
[EventDate "2020.05.19"]
[EventType "swiss (blitz)"]
[EventRounds "9"]
[EventCountry "GER"]
[SourceTitle "EXT 2021"]
[Source "ChessBase"]
[SourceDate "2020.10.23"]
[SourceVersion "1"]
[SourceVersionDate "2020.10.23"]
[SourceQuality "1"]

1. e4 e6 2. d4 d5 3. Nd2 Nf6 4. Bd3 c5 5. c3 Nc6 6. Ngf3 Qb6 7. exd5 exd5 8. dxc5 Bxc5 9. 0-0 0-0 10. Nb3 Bg4 11. Nxc5 Qxc5 12. h3 Bh5 13. Be2 Rfe8 14. Be3 Qd6 15. Re1 b6 16. Nd4 Bxe2 17. Rxe2 Ne5 18. Re1 Nc4 19. b3 Nxe3 20. Rxe3 Rxe3 21. fxe3 Re8 22. Qf3 Qe5 23. Re1 Ne4 24. Nc6 Qxc3 25. Rf1 Nf6 26. Nd4 Qxe3+ 27. Qxe3 Rxe3 0-1

[Event "GER Cup Net V1 U2000"]
[Site "Playchess.com INT"]
[Date "2020.05.19"]
[Round "9"]
[White "Tschendel, Roland"]
[Black "Sossna, Gerald"]
[Result "1-0"]
[WhiteElo "1453"]
[BlackElo "1608"]
[PlyCount "71"]
[EventDate "2020.05.19"]
[EventType "swiss (blitz)"]
[EventRounds "9"]
[EventCountry "GER"]
[SourceTitle "EXT 2021"]
[Source "ChessBase"]
[SourceDate "2020.10.23"]
[SourceVersion "1"]
[SourceVersionDate "2020.10.23"]
[SourceQuality "1"]

1. d4 d5 2. c4 e6 3. Nc3 Nf6 4. Bg5 Nbd7 5. cxd5 exd5 6. e3 c6 7. Bd3 Be7 8. Qc2 h6 9. Bh4 0-0 10. Nge2 Re8 11. 0-0 Nh5 12. Bg3 Nxg3 13. Nxg3 Nf6 14. Rae1 Bb4 15. a3 Ba5 16. b4 Bc7 17. b5 Bd6 18. bxc6 Bxa3 19. cxb7 Bxb7 20. Qb3 Bf8 21. Qxb7 Rb8 22. Qxa7 Rb3 23. Nge2 Ne4 24. Bxe4 dxe4 25. Rb1 Rxb1 26. Rxb1 Qc8 27. Rb7 f6 28. Rc7 Qd8 29. Qb7 Qd6 30. Qd5+ Qxd5 31. Nxd5 Rb8 32. g3 Rb1+ 33. Kg2 Bd6 34. Rc6 Ba3 35. Ra6 Bc5 36. dxc5 1-0

[Event "GER Cup Net V1 U2000"]
[Site "Playchess.com INT"]
[Date "2020.05.19"]
[Round "6"]
[White "Weber, Michael"]
[Black "Sossna, Gerald"]
[Result "1-0"]
[WhiteElo "1574"]
[BlackElo "1608"]
[PlyCount "115"]
[EventDate "2020.05.19"]
[EventType "swiss (blitz)"]
[EventRounds "9"]
[EventCountry "GER"]
[SourceTitle "EXT 2021"]
[Source "ChessBase"]
[SourceDate "2020.10.23"]
[SourceVersion "1"]
[SourceVersionDate "2020.10.23"]
[SourceQuality "1"]

1. d4 d5 2. Nf3 Nf6 3. c4 e6 4. Nc3 c6 5. e3 Nbd7 6. Be2 Be7 7. 0-0 0-0 8. h3 Re8 9. b3 Bb4 10. Qc2 h6 11. a3 Bf8 12. Rb1 e5 13. dxe5 Nxe5 14. Nxe5 Rxe5 15. Bb2 Re8 16. cxd5 Nxd5 17. Rfd1 Qg5 18. Kh1 Be6 19. Bf3 Rad8 20. Nxd5 Bxd5 21. Bxd5 Rxd5 22. Rxd5 Qxd5 23. Rd1 Qh5 24. Qd3 Qh4 25. Kg1 Qe7 26. Qd7 f6 27. a4 Qxd7 28. Rxd7 Re7 29. Rd8 Kf7 30. Ba3 Re8 31. Rd7+ Be7 32. Rxb7 Ke6 33. Bxe7 Rxe7 34. Rb4 g5 35. Kf1 h5 36. Ke2 Kd5 37. Kd3 Rd7 38. Rd4+ Ke6 39. Rxd7 Kxd7 40. Ke4 Ke6 41. f4 f5+ 42. Kd4 gxf4 43. exf4 Kd6 44. h4 c5+ 45. Kc4 a6 46. a5 Kc6 47. b4 cxb4 48. Kxb4 Kd6 49. Kc4 Kc6 50. Kd4 Kd6 51. g3 Kc6 52. Ke5 Kb5 53. Kxf5 Kxa5 54. Kg5 Kb4 55. f5 a5 56. f6 a4 57. f7 a3 58. f8Q+ 1-0

[Event "GER-ch Net Amateur Gr-B Vor2"]
[Site "Playchess.com INT"]
[Date "2020.04.15"]
[Round "3"]
[White "Fenski, Matthias"]
[Black "Sossna, Gerald"]
[Result "1/2-1/2"]
[WhiteElo "1682"]
[BlackElo "1599"]
[PlyCount "56"]
[EventDate "2020.04.15"]
[EventType "swiss (blitz)"]
[EventRounds "9"]
[EventCountry "GER"]
[SourceTitle "CBM 196 Extra"]
[Source "ChessBase"]
[SourceDate "2020.07.31"]
[SourceVersion "1"]
[SourceVersionDate "2020.07.31"]
[SourceQuality "1"]

1. c4 c5 2. g3 Nf6 3. Bg2 d6 4. Nc3 e5 5. d3 Be7 6. e4 Nc6 7. Nge2 Bg4 8. 0-0 0-0 9. f3 Bd7 10. f4 exf4 11. Nxf4 Ne5 12. Ncd5 Rc8 13. h3 Nxd5 14. Nxd5 Bc6 15. Be3 Bg5 16. Qd2 Bxe3+ 17. Qxe3 Bxd5 18. exd5 Qb6 19. b3 Rce8 20. Qd2 Qd8 21. Be4 g6 22. d4 Nd7 23. Bg2 cxd4 24. Qxd4 b6 25. Rae1 Rxe1 26. Rxe1 Re8 27. Qd2 Rxe1+ 28. Qxe1 Kg7 1/2-1/2

[Event "GER-ch Net Amateur Gr-B Vor2"]
[Site "Playchess.com INT"]
[Date "2020.04.15"]
[Round "5"]
[White "Serreck, Uwe"]
[Black "Sossna, Gerald"]
[Result "1-0"]
[WhiteElo "1676"]
[BlackElo "1592"]
[PlyCount "49"]
[EventDate "2020.04.15"]
[EventType "swiss (blitz)"]
[EventRounds "9"]
[EventCountry "GER"]
[SourceTitle "CBM 196 Extra"]
[Source "ChessBase"]
[SourceDate "2020.07.31"]
[SourceVersion "1"]
[SourceVersionDate "2020.07.31"]
[SourceQuality "1"]

1. Nf3 d5 2. g3 Nf6 3. Bg2 e6 4. d3 c6 5. 0-0 Be7 6. Nbd2 0-0 7. e4 dxe4 8. dxe4 b6 9. e5 Ne8 10. Qe2 Ba6 11. c4 Qc7 12. b3 Nd7 13. Bb2 Rd8 14. Ne4 Nc5 15. h4 Nxe4 16. Qxe4 Bb7 17. Ng5 Bxg5 18. hxg5 g6 19. Bf3 Ng7 20. Kg2 Rd7 21. Rh1 Rfd8 22. Qh4 Nf5 23. Qxh7+ Kf8 24. Qh8+ Ke7 25. Qf6+ 1-0

[Event "GER-ch Net Amateur Gr-B Vor1"]
[Site "Playchess.com INT"]
[Date "2020.04.14"]
[Round "6"]
[White "Sauer, Tim"]
[Black "Sossna, Gerald"]
[Result "1-0"]
[WhiteElo "1733"]
[BlackElo "1597"]
[PlyCount "87"]
[EventDate "2020.04.14"]
[EventType "swiss (blitz)"]
[EventRounds "9"]
[EventCountry "GER"]
[SourceTitle "EXT 2021"]
[Source "ChessBase"]
[SourceDate "2020.10.23"]
[SourceVersion "1"]
[SourceVersionDate "2020.10.23"]
[SourceQuality "1"]

1. c4 c5 2. Nc3 Nf6 3. g3 d6 4. Bg2 e5 5. e4 Be7 6. Nge2 Nc6 7. 0-0 0-0 8. d3 a6 9. f4 Bg4 10. h3 Bxe2 11. Qxe2 Nd4 12. Qf2 Rb8 13. f5 b5 14. g4 b4 15. Nd5 Nxd5 16. cxd5 Bg5 17. Bxg5 Qxg5 18. Bf3 a5 19. h4 Qd8 20. g5 f6 21. Qg2 a4 22. Bd1 a3 23. b3 Rb7 24. Qg4 fxg5 25. hxg5 g6 26. fxg6 Rxf1+ 27. Kxf1 hxg6 28. Kg2 Rf7 29. Rc1 Rf4 30. Qg3 Qf8 31. Bg4 Qg7 32. Rh1 Kf8 33. Qh3 Qf7 34. Qh8+ Ke7 35. Rh7 Rf2+ 36. Kh3 Qxh7+ 37. Qxh7+ Kf8 38. Qh6+ Ke7 39. Qg7+ Ke8 40. Qxg6+ Ke7 41. Qg7+ Ke8 42. Bh5+ Kd8 43. Qg8+ Ke7 44. Qe8# 1-0

[Event "GER-ch Net Amateur Gr-B Vor1"]
[Site "Playchess.com INT"]
[Date "2020.04.14"]
[Round "2"]
[White "Sossna, Gerald"]
[Black "Hendrich, Daniel"]
[Result "0-1"]
[WhiteElo "1629"]
[BlackElo "1702"]
[PlyCount "58"]
[EventDate "2020.04.14"]
[EventType "swiss (blitz)"]
[EventRounds "9"]
[EventCountry "GER"]
[SourceTitle "EXT 2021"]
[Source "ChessBase"]
[SourceDate "2020.10.23"]
[SourceVersion "1"]
[SourceVersionDate "2020.10.23"]
[SourceQuality "1"]

1. e4 c5 2. Nf3 d6 3. Bb5+ Bd7 4. Bxd7+ Nxd7 5. d4 cxd4 6. Nxd4 Ngf6 7. Nc3 e6 8. f3 Be7 9. Be3 0-0 10. 0-0 a6 11. Nce2 Rc8 12. Rc1 b5 13. c3 Nb6 14. b3 d5 15. exd5 Nbxd5 16. Bf2 Qa5 17. Qd2 Rfd8 18. Qb2 Ba3 19. Qa1 Bxc1 20. Rxc1 h6 21. c4 bxc4 22. bxc4 Nb4 23. a3 Nd3 24. Rc2 Nxf2 25. Kxf2 e5 26. Nf5 Qc5+ 27. Kf1 e4 28. Nxh6+ gxh6 29. Qxf6 Rd1# 0-1

[Event "GER-ch Net Amateur Gr-B Vor1"]
[Site "Playchess.com INT"]
[Date "2020.04.14"]
[Round "5"]
[White "Sossna, Gerald"]
[Black "Morczynski, Joachim"]
[Result "1-0"]
[WhiteElo "1593"]
[BlackElo "1224"]
[PlyCount "137"]
[EventDate "2020.04.14"]
[EventType "swiss (blitz)"]
[EventRounds "9"]
[EventCountry "GER"]
[SourceTitle "EXT 2021"]
[Source "ChessBase"]
[SourceDate "2020.10.23"]
[SourceVersion "1"]
[SourceVersionDate "2020.10.23"]
[SourceQuality "1"]

1. e4 c5 2. Nf3 Nc6 3. d4 cxd4 4. Nxd4 Nf6 5. Nc3 e5 6. Nf5 d6 7. a3 Bxf5 8. exf5 Be7 9. Bb5 0-0 10. 0-0 a6 11. Bc4 Rc8 12. Bb3 Nd4 13. Qd3 Nxb3 14. cxb3 Qb6 15. Nd5 Nxd5 16. Qxd5 Rc5 17. Qd3 Rfc8 18. Be3 Qc6 19. Bxc5 Qxc5 20. h3 Bg5 21. Rad1 Rd8 22. Qd5 Qxd5 23. Rxd5 Kf8 24. Rfd1 Ke7 25. R1d3 Bc1 26. Rc3 Bxb2 27. Rc7+ Ke8 28. a4 b6 29. Rb7 Bd4 30. Kf1 a5 31. f4 Rd7 32. Rb8+ Ke7 33. fxe5 dxe5 34. Rxd7+ Kxd7 35. Rb7+ Ke8 36. Ke2 g6 37. fxg6 hxg6 38. Kf3 f5 39. g4 e4+ 40. Ke2 f4 41. Rc7 g5 42. Rc4 Bc5 43. Rxe4+ Kf7 44. Kf3 Kf6 45. h4 gxh4 46. Rxf4+ Kg5 47. Rf5+ Kg6 48. Rh5 Be7 49. Rh8 Kg7 50. Rb8 Bc5 51. Kg2 Kg6 52. Kh3 Kg5 53. Rg8+ Kf6 54. Kxh4 Kf7 55. Rc8 Kg6 56. Rc6+ Kg7 57. Kh5 Kf7 58. g5 Kg7 59. Rc7+ Kg8 60. Kh6 Kf8 61. g6 Bd4 62. Rc8+ Ke7 63. g7 Bxg7+ 64. Kxg7 Kd6 65. Kf6 Kd5 66. Ke7 Kd4 67. Kd6 Kd3 68. Rc1 Kd2 69. Rc4 1-0